| 000 | 01980cam a22004214a 4500 | ||
|---|---|---|---|
| 001 | 6025748 | ||
| 003 | ARRUPE | ||
| 005 | 20140910171650.0 | ||
| 008 | 060512s2006 nyu b 000 0 eng | ||
| 010 | _a 2006016050 | ||
| 020 | _a0826418953 (hardcover : alk. paper) | ||
| 020 | _a9780826418951 (hardcover : alk. paper) | ||
| 020 | _a0826419070 (pbk. : alk. paper) | ||
| 020 | _a9780826419071 (pbk. : alk. paper) | ||
| 024 | 3 | _a9780826418951 | |
| 024 | 3 | _a9780826419071 | |
| 035 | _a(OCoLC)ocm69027965 | ||
| 035 | _a(DLC) 2006016050 | ||
| 035 | _a(NNC)6025748 | ||
| 040 |
_aDLC _cDLC _dYDX _dBAKER _dYDXCP _dCOO _dOrLoB-B |
||
| 042 | _apcc | ||
| 050 | 0 | 0 |
_aBT60 _b.M28 2006 |
| 082 | 0 | 0 |
_a230 _222 |
| 100 | 1 |
_aMackey, James P. _q(James Patrick), _d1934- _911277 |
|
| 245 | 1 | 0 |
_aChristianity and creation : _bthe essence of the Christian faith and its future among religions : a systematic theology / _cJames P. Mackey. |
| 260 |
_aNew York : _bContinuum, _c2006. |
||
| 300 |
_axix, 403 p. ; _c23 cm. |
||
| 504 | _aIncludes bibliographical references (p. xviii-xix). | ||
| 505 | 0 | 0 |
_tPrologue : the lapses in Christian theology at the end of the second millennium -- _gPt. 1. _tThe essence of the faith of Jesus the Jew -- _gCh. 1. _tCreation -- _gCh. 2. _tFall -- _gCh. 3. _tSalvation -- _gCh. 4. _tGod -- _gPt. 2. _tChristianity : the religion that developed from the faith of Jesus the Jew -- _gCh. 5. _tCredo -- _gCh. 6. _tCode -- _gCh. 7. _tCult -- _gCh. 8. _tConstitution -- _tEpilogue -- _tChristianity and other religions. |
| 650 | 0 |
_aChristianity _xEssence, genius, nature. _911278 |
|
| 650 | 0 |
_aChristianity _xForecasting. _911279 |
|
| 650 | 0 |
_aChristianity and other religions. _911280 |
|
| 856 | 4 | 1 |
_3Table of contents only _uhttp://www.loc.gov/catdir/toc/ecip0614/2006016050.html |
| 856 | 4 | 1 |
_3Table of contents _uhttp://www.loc.gov/catdir/toc/ecip0614/2006016050.html |
| 900 | _bTOC | ||
| 942 |
_2lcc _cMONOGRAPH |
||
| 948 | 1 |
_a20070117 _bc _cas2107 _dMPS |
|
| 999 |
_c120842 _d120842 |
||